Cómo crear una empresa exitosa : Las herramientas del directivo : las trece destrezas que necesita un directivo para tener éxito /
Contenido: Estableciendo metas que otros persiguen; Contratando al mejor; Reteniendo al mejor; Delegando con confianza; Gestión del tiempo; Gestión de equipos; Evaluación y formación; Manejo de los empleados problemáticos; Gestión de las crisis; Desarrollando su carrera; Convirtiéndose en un líder;...
Gardado en:
| Autor Principal: | |
|---|---|
| Formato: | Libro |
| Idioma: | Lingua castelá |
| Publicado: |
Barcelona, España :
Deusto,
2005, c2005
|
| Series: | (Harvard Business Essentials)
|
| Temas: | |
| Etiquetas: |
Sen Etiquetas, Sexa o primeiro en etiquetar este rexistro!
|
MARC
| LEADER | 00000nam^a2200000^a^4500 | ||
|---|---|---|---|
| 001 | 000182445 | ||
| 005 | 20250521000000.0 | ||
| 009 | 20260310102007.304 | ||
| 020 | |a 84-234-2253-4 | ||
| 037 | |a Acervo ITESO - Biblioteca | ||
| 041 | |a ESP | ||
| 082 | |a 658. 005 |b HAR ESS V. 9 | ||
| 100 | |a Luecke, Richard |e (autor) | ||
| 240 | 1 | 1 | |a [Harvard Business Essentials] |
| 245 | 1 | 0 | |a Cómo crear una empresa exitosa : |b Las herramientas del directivo : las trece destrezas que necesita un directivo para tener éxito / |c R. Luecke ; tr. por Juan Castilla Plaza. |
| 246 | 2 | |a Título en la cubierta: Una guía para directivos ocupados: enfoques y conceptos para avanzar | |
| 264 | 4 | |a Barcelona, España : |b Deusto, |c 2005, c2005 | |
| 300 | |a XVI, 341 p. | ||
| 336 | |a texto |b txt |2 rdacontenido | ||
| 337 | |a sin mediación |b n |2 rdamedio | ||
| 338 | |a volumen |b nc |2 rdasoporte | ||
| 440 | 1 | |a (Harvard Business Essentials) | |
| 500 | |a Traducción de: Manager's Toolkit. The 13 Skills Managers Need to Succeed | ||
| 520 | |a Contenido: Estableciendo metas que otros persiguen; Contratando al mejor; Reteniendo al mejor; Delegando con confianza; Gestión del tiempo; Gestión de equipos; Evaluación y formación; Manejo de los empleados problemáticos; Gestión de las crisis; Desarrollando su carrera; Convirtiéndose en un líder; Estrategia; Confección del presupuesto; Conocimiento de los balances generales; Valor neto actual y tasa de rendimiento interno; Análisis de punto crítico y apalancamiento operativo. | ||
| 649 | |a XX | ||
| 650 | |a Empresas - |x Administración | ||
| 650 | |a Financiamiento (de Empresas, Proyectos, etc.) | ||
| 650 | |a Administración Financiera | ||
| 650 | |a Liderazgo | ||
| 650 | |a Habilidades Directivas - |x Tema Principal | ||
| 650 | |a Exito Administrativo - |x Tema Principal | ||
| 650 | |a Recursos Humanos - |x Dirección | ||
| 650 | |a Proceso Administrativo - |x Dirección | ||
| 650 | |a Ciencias Administrativas | ||
| 910 | |a Fondo General | ||
| 920 | |a Impresos - Libros | ||
| 930 | |a Colección General | ||
| 905 | |a 101 | ||
| 901 | |a 0500122178 |b IT1 |c ACC |u 20250521 | ||
| 902 | |a https://opac.biblio.iteso.mx/vufind/Record/000182445 | ||